Manorial law (Record no. 104961)

MARC details
000 -LEADER
fixed length control field 00720cam a2200193 4500
001 - CONTROL NUMBER
control field ##L132008
008 - FIXED-LENGTH DATA ELEMENTS--GENERAL INFORMATION
fixed length control field 051220n1996 000 0 eng u
020 ## - INTERNATIONAL STANDARD BOOK NUMBER
International Standard Book Number 0952162520
035 ## - SYSTEM CONTROL NUMBER
System control number (Sirsi) u132008
041 0# - LANGUAGE CODE
Language code of text/sound track or separate title eng
050 ## - LIBRARY OF CONGRESS CALL NUMBER
Classification number 346.043
100 1# - MAIN ENTRY--PERSONAL NAME
Personal name Barsby, A. W.
245 00 - TITLE STATEMENT
Title Manorial law
260 ## - PUBLICATION, DISTRIBUTION, ETC.
Place of publication, distribution, etc. Epsom
Name of publisher, distributor, etc. Legal Research and Publishing
Date of publication, distribution, etc. 1996
300 ## - PHYSICAL DESCRIPTION
Extent iv, 155p.
Dimensions 25cm.
520 ## - SUMMARY, ETC.
Summary, etc. Traces the legal history of the manor from its medieval origins and explains its current importance. Written for lawyers and non-lawyers. Separate chapters deal with: Commons -- Mines and minerals -- Franchises -- Sporting rights -- Manorial documents and conveyancing.
700 1# - ADDED ENTRY--PERSONAL NAME
Personal name Barsby, Clare
942 ## - ADDED ENTRY ELEMENTS (KOHA)
Suppress in OPAC 0
Holdings
Withdrawn status Lost status Source of classification or shelving scheme Damaged status Not for loan Home library Current library Shelving location Date acquired Total Checkouts Full call number Barcode Date last seen Date last checked out Copy number Price effective from Koha item type
    Dewey Decimal Classification     London London Books 20/12/2005 4 346.043 BAR 30071727 06/08/2019 18/02/2009 1 06/08/2019 Book